01248nam a22002417a 45000010005000000030006000050050017000110080041000280200018000690400029000870500020001160820010001361000018001462450039001642500025002032600049002283000048002774900030003255050008003555200594003635210029009575210020009868241FISKH20250904142822.0250904b cb ||||| |||| 00| 0 eng d a9780194645607 aFISKHbengcFISKHdFISKH aPE1126.A4 R3963 a500.5 aRaynham, Alex aAll about space /cBy Alex Raynham aFirst published 2010 aOxford : bOxford University Press , c2010. a56 pages :bcolor illustrations ;c21 cm .  aOxford Read and Discover  aO  aThis exciting new series of non-fiction readers provides interesting and educational content, with activities and project work. The readers are graded at four levels, from 3 to 6, suitable for students from age 8 and older. They can support Content and Language Integrated Learning (CLIL), andcover a broad range of topics, within three curriculum areas:The World of Science and TechnologyThe Natural WorldThe World of Arts and Social StudiesAlso available for each reader:Activity BookAudio CD Pack (Reader and Audio CD)Teacher's Notes and CLIL guidance at www.oup.com/elt/readanddiscover8 a600 bLexile estimate 8 aO bRaz-Plus